Pays par chanteurs célèbres - Statistiques

Statistiques générales
  • Ce quiz a été pris 629 fois
  • Le résultat moyen est 15 sur 25
Statistiques - réponses
Compositeurs Pays % Correct
Jacques Brel, Angèle, Damso Belgique
99%
Freddie Mercury, John Lennon, Ed Sheeran Royaume-Uni
96%
Rosalía, Julio Iglesia, Alejandro Sanz Espagne
95%
Michael Jackson, Frank Sinatra, Whitney Houston États-Unis
90%
Céline Dion, Drake, Garou Canada
88%
Bob Marley, Shenseea, Sean Paul Jamaïque
87%
Soolking, Khaled, Cheb Hasni Algérie
85%
Francis Cabrel, Barbara, Indila France
85%
Kyū Sakamoto, Yoko Ono, Namie Amuro Japon
83%
Jungkook, Psy, Kim Jennie Corée du Sud
81%
Shakira, J Balvin, Karol G Colombie
76%
Laura Pausini, Umberto Tozzi, Luciano Pavarotti Italie
76%
Zara Larsson, Tove Lo, Agnetha Fältskog Suède
59%
Chico Buarque, Michel Teló, Anitta Brésil
56%
Björk, Ásgeir Trausti, Emilíana Torrini Islande
44%
Vicente Fernández, Peso Pluma, José José Mexique
42%
Hozier, Bono, Luke Kelly Irlande
40%
André Hazes, Dave, Ali B Pays-Bas
36%
Fally Ipupa, Koffi Olomidé, Papa Wemba R. D. Congo
34%
Tyla, Johnny Clegg, Lucky Dube Afrique du Sud
33%
The Kid Laroi, Gotye, Michael Hutchence Australie
33%
Morten Harket, Kurt Nilsen, TIX Norvège
27%
Lorde, Kimbra, Rosé Nouvelle Zélande
26%
Burna Boy, Wizkid, Tems Nigéria
20%
Alpha Blondy, Yodé, Josey Côte d'Ivoire
19%
Aucun quiz correspondant
Distribution des résultats
% des personnes avec chaque résultat
Percentile par nombre de réponses
Votre historique - résultats
Vous n’avez pas pris ce quiz